| Tag |
First Indicator |
Second Indicator |
Subfields |
| LEADER |
00000cam a2200000 4500 |
| 001 |
in00000088058 |
| 005 |
20151008065004.0 |
| 008 |
750411s1925 mau 00010 eng |
| 010 |
|
|
|a 25016810
|
| 035 |
|
|
|a (OCoLC)01268281
|
| 035 |
|
|
|9 AAK5158AM
|
| 040 |
|
|
|a DLC
|c IWU
|d SER
|d m.c.
|d TXA
|d UtOrBLW
|
| 049 |
|
|
|a TXAM
|c 1 [1391275], 2 [25113]
|
| 050 |
0 |
0 |
|a PS3523 O88
|b W5 1925
|
| 100 |
1 |
|
|a Lowell, Amy,
|d 1874-1925.
|
| 245 |
1 |
0 |
|a What's o'clock /
|c by Amy Lowell.
|
| 264 |
|
1 |
|a Boston :
|b Houghton, Mifflin,
|c [1925]
|
| 264 |
|
4 |
|c [©1925]
|
| 300 |
|
|
|a x, 240 pages ;
|c 18 cm.
|
| 336 |
|
|
|a text
|b txt
|2 rdacontent
|
| 337 |
|
|
|a unmediated
|b n
|2 rdamedia
|
| 338 |
|
|
|a volume
|b nc
|2 rdacarrier
|
| 999 |
|
|
|a MARS
|
| 999 |
f |
f |
|s 130e448e-9417-33cb-b1ae-777e06c44e94
|i a0d0e046-b498-3c82-96fe-74a0367b7fc2
|t 0
|
| 952 |
f |
f |
|p ric
|a Texas A&M University
|b Rellis Campus
|c Joint Library Facility
|s JLF
|d Remote Storage
|t 0
|e PS3523 O88 W5 1925
|h Library of Congress classification
|i unmediated -- volume
|m A14804097399
|
| 998 |
f |
f |
|a PS3523 O88 W5 1925
|t 0
|l Remote Storage
|